'G' TV Shows by Picture Quiz Stats

 Plays Quiz Updated Sep 17, 2015

Challenge
Share
Tweet
Score 0/20 Timer 05:00
5 Plays Today
Location Show % Correct
Golden Girls
88.5%
Gilligan's Island
85.2%
Gilmore Girls
79.6%
Grey's Anatomy
76.8%
Glee
72%
George Lopez
58.5%
Green Acres
56.2%
Game of Thrones
55.1%
The Good Wife
52.8%
Gossip Girl
51%
Location Show % Correct
Good Times
47.9%
Get Smart
47.6%
Go Diego, Go!
44.9%
Gomer Pyle, U.S.M.C
44.8%
The Girls Next Door
43.5%
General Hospital
42.2%
Ghost Whisperer
42.1%
Growing Pains
36.6%
Greatest American Hero
33.9%
Greek
18.1%

You're not logged in!

Compare scores with friends on all Sporcle quizzes.
Join for Free
OR
Log In

You Might Also Like...

Show Comments

Extras

Top Quizzes Today


Score Distribution

Your Account Isn't Verified!

In order to create a playlist on Sporcle, you need to verify the email address you used during registration. Go to your Sporcle Settings to finish the process.

Report this User

Report this user for behavior that violates our Community Guidelines.

Details: